Las armas Ideológicas de la muerte
Tallennettuna:
| Päätekijä: | |
|---|---|
| Aineistotyyppi: | Kirja |
| Kieli: | Undetermined |
| Julkaistu: |
San José, Costa Rica
DEI
1981
|
| Painos: | 2 |
| Aiheet: | |
| Tagit: |
Lisää tagi
Ei tageja, Lisää ensimmäinen tagi!
|
MARC
| LEADER | 00000nam a2200000Ia 4500 | ||
|---|---|---|---|
| 008 | 170316s9999 xx 000 0 und d | ||
| 090 | |a 100 H-28.1a | ||
| 100 | |a Hinkelammert, Franz | ||
| 245 | |a Las armas Ideológicas de la muerte | ||
| 250 | |a 2 | ||
| 260 | |a San José, Costa Rica | ||
| 260 | |b DEI | ||
| 260 | |c 1981 | ||
| 300 | |a 325 páginas | ||
| 650 | |a FILOSOFÍA | ||
| 650 | |a FETICHES | ||
| 650 | |a VIDA Y MUERTE | ||
| 650 | |a TEOLOGÍA | ||
| 999 | |c 16486 |d 16486 | ||
| 040 | |a cru BVZT | ||
| 942 | |c 15 D |h 100 H-28.1a |2 z | ||
